| 000 | 00704nam a2200205 a 4500 | ||
|---|---|---|---|
| 999 |
_c5397 _d5397 |
||
| 001 | 5397 | ||
| 003 | BD-JhCC | ||
| 005 | 20171213190625.0 | ||
| 008 | 171213s1979 bg |||| ||a| 000 0 ben d | ||
| 035 | _a(BD-JhCC) 5397 | ||
| 040 |
_aBD-JhCC _dBD-JhCC |
||
| 041 | _aben | ||
| 082 |
_a891.4409 _bAHM 1979 |
||
| 100 | _aআহমদ, কামরুদ্দীন | ||
| 245 |
_aবাংলার এক মধ্যবিত্তের আত্মকাহিনী / _c কামরুদ্দীন আহমদ |
||
| 260 |
_aঢাকা : _bপ্রভিন্সিয়াল বুক ডিপো ঢাকা , _c1979 |
||
| 300 |
_a440 p .: _c23 cm . |
||
| 942 |
_2ddc _cBK |
||